Miracle /
MARC
| LEADER | 00000nam a22000004i 4500 | ||
|---|---|---|---|
| 001 | 28914 | ||
| 003 | AGDB | ||
| 005 | 20260324181532.0 | ||
| 008 | 250325s2025 spc ||||r|||||0|| d cat|c | ||
| 017 | |a V 4459-2024 |b Oficina DL València | ||
| 020 | |a 9788412875102 | ||
| 020 | |a 9788410278257 | ||
| 040 | |a ES-BaIT |b cat |e rda |c ES-BaIT | ||
| 041 | 1 | |a cat |h ger | |
| 080 | |a 830-2"20" | ||
| 100 | 1 | |a Maci, Enis |e autora |9 72181 | |
| 240 | 1 | 0 | |a Wunder |l [català] |
| 245 | 1 | 0 | |a Miracle / |c Enis Maci ; traducció de Maria Bosom; pròleg Albert Tola |
| 250 | |a 1a edició: febrer 2025 | ||
| 264 | 1 | |a València : |b Galés Edicions ; |a Barcelona : |b Institut del Teatre ; |c 2025 | |
| 300 | |a 94 pàgines ; |c 19 cm | ||
| 336 | |a text |b txt |2 rdacontent | ||
| 337 | |a sense mediació |b n |2 rdamedia | ||
| 338 | |a volum |b nc |2 rdacarrier | ||
| 490 | |a Zona d'emergència | ||
| 500 | |a Estrena 2023-11-02 Sala Beckett (Barcelona), direcció Juan Miranda, producció de Shauspielhaus Wien i Despiece. | ||
| 520 | |a "Miracle és una obra trencadora i diferent del que està comunament establert, un clar exemple dels camins que està seguint les darreres dècades la dramatúrgia alemanya, de la qual Enis Maci és una de les veus joves més potents. Miracle és com un cor que apel·la a la consciència col·lectiva, un seguit de veus femenines que, amb el seu testimoni descarnat, indueix a la reflexió. Qui té el text davant entoma aquest testimoni sense poder quedar impassible: rep directament un missatge complex que qüestiona molts comportaments de la societat, especialment els relacionats amb el paper que ha exercit la dona al llarg de la història i amb quina és la seva situació a hores d'ara.." |2 -- Contracoberta | ||
| 650 | 0 | |a Rol sexual |v Teatre |9 72182 | |
| 650 | 0 | |a Teatre (Gènere literari) |9 72165 | |
| 700 | 1 | |a Bosom, Maria, |e traductora |9 72184 | |
| 700 | 1 | |a Tola, Albert, |e escriptor d'un pròleg |9 72183 | |
| 710 | 1 | |a Institut del Teatre (Barcelona, Catalunya) |e entitat editora |9 52662 | |
| 908 | |a CDMAE | ||
| 940 | |a CDMAE | ||
| 942 | |2 udc |c ARXIU |n 1 | ||
| 952 | |0 0 |1 0 |4 0 |6 BIB1308 |7 1 |9 98188 |a Arxiu |b Arxiu |d 2025-06-18 |l 0 |o Bib-1308 |p 28914 |r 2025-06-18 00:00:00 |w 2025-06-18 |y ARXIU | ||
| 999 | |c 129966 |d 129966 | ||